Financial Markets and Institutions: (Record no. 183421)

MARC details
000 -LEADER
fixed length control field 00633 a2200181 4500
005 - DATE AND TIME OF LATEST TRANSACTION
control field 20211224125658.0
010 ## - LCCN (DPL NO)
LC control number ENG-130611
020 ## - INTERNATIONAL STANDARD BOOK NUMBER
International Standard Book Number 978-93-89811-98-8
Terms of availability 895.00
035 ## - SYSTEM CONTROL NUMBER
System control number EN-114143
037 ## - SOURCE OF ACQUISITION
Source of stock number/acquisition DBAD/PUB
082 ## - DEWEY DECIMAL CLASSIFICATION NUMBER
Classification number 332.1
100 ## - MAIN ENTRY--PERSONAL NAME
Personal name Saunders, Anthony
245 ## - TITLE STATEMENT
Title Financial Markets and Institutions:
Statement of responsibility, etc Anthony Saunders, Marcia Millon Cornett, Anshul Jain
260 ## - PUBLICATION, DISTRIBUTION, ETC. (IMPRINT)
Place of publication, distribution, etc Chennai
Name of publisher, distributor, etc McGraw Hill Education Private Limited
Date of publication, distribution, etc 2020
270 ## - ADDRESS
Address 441/1, Sri Ekambara Naicker Industrial Estate, Alapakkam, Porur
City Tamil Nadu
Postal code 600116
300 ## - PHYSICAL DESCRIPTION
Extent 727p.
Dimensions 28cm (pbk)
942 ## - ADDED ENTRY ELEMENTS (KOHA)
Institution code [OBSOLETE] dpl
Item type English Books
Source of classification or shelving scheme Dewey Decimal Classification
Classification part 332.1
Call number suffix SAU
Holdings
Withdrawn status Lost status Not for loan Collection code Home library Current library Date acquired Source of acquisition Cost, normal purchase price Full call number Barcode Copy number Cost, replacement price Koha item type
      Non-fiction Ashok Vihar Ashok Vihar 24/12/2021 DBAD/PUB 895.00 332.1 SAU EN-114143 1 895.00 English Books

© Delhi Public Library
Hit Counter
free hit counter